| 000 | 00891nam a22002297a 4500 | ||
|---|---|---|---|
| 008 | 081126t xxu||||| |||| 00| 0 eng d | ||
| 010 | _aENG-91831 | ||
| 020 |
_a9788188134939 _c450.00 |
||
| 035 | _aEN-75364 | ||
| 037 | _bDBAD / PUB | ||
| 040 |
_adpl _bEnglish |
||
| 082 | _a332.70954 | ||
| 100 | _aDeogharia, Prakash Chandra | ||
| 245 |
_aRural credit in India / _cby Prakash Chandra Deogharia |
||
| 260 |
_aNew Delhi _bSatyam Publishing House _c2008 |
||
| 270 |
_aN-3/25 Mohan Garden, Uttam Nagar, _bNew Delhi _e110059 |
||
| 300 |
_ax, 194p. _c23cm (Hb) |
||
| 500 | _aIncludes bibliographical references | ||
| 650 |
_aRural credit _zIndia |
||
| 942 |
_2ddc _cEN _mDEO _h332.70954 |
||
| 999 |
_c19153 _d19153 |
||